| 000 | 00441nam a2200145 4500 | ||
|---|---|---|---|
| 999 |
_c510987 _d510987 |
||
| 008 | 190905b ||||| |||| 00| 0 eng d | ||
| 100 |
_aSahoo, Priyabrata _99886 |
||
| 245 | _aStructural change in employment pattern in Odisha: an analysis in the post reform period | ||
| 260 | _c2019 | ||
| 300 | _ap.96-103. | ||
| 700 |
_aNayak, Ranjan Kumar _99887 |
||
| 773 | _aProductivity | ||
| 906 | _aEmployment - India - Odisha | ||
| 942 |
_2ddc _cAR |
||